Catalogue of Punic stelae in the British Museum /
المؤلف الرئيسي:
مؤلف مشترك:
التنسيق: كتاب
اللغة:
English
Phoenician
منشور في:
London :
The British Museum,
c2003.
سلاسل:
Occasional paper (British Museum) ;
98.
الموضوعات:
الوسوم: إضافة وسم
رقم الطلب: DT269 .C33 M46
| LEADER | 00988nam a22002897a 4500 | ||
|---|---|---|---|
| 003 | OSt | ||
| 005 | 20260420170509.0 | ||
| 008 | 260420t2003 enkab bc 001 0 eng d | ||
| 020 | |a 0861590988 | ||
| 040 | |c ARCE Library | ||
| 041 | 1 | |a eng |a phn |h phn | |
| 043 | |a f-ti--- | ||
| 050 | 1 | 4 | |a DT269 .C33 |b M46 |
| 100 | 1 | |a Mendleson, C. |q (Carole) | |
| 245 | 1 | 0 | |a Catalogue of Punic stelae in the British Museum / |c Carole Mendleson. |
| 264 | 1 | |a London : |b The British Museum, |c c2003. | |
| 300 | |a vi, 111 pages : |b illusttration, maps ; |c 30 cm. | ||
| 490 | 1 | |a Occasional paper (British Museum) ; |v 98. | |
| 504 | |a Includes bibliographical references and indexes. | ||
| 650 | 0 | |a Stele (Archaeology) |z Tunisia |z Carthage (Extinct city) |v Catalogs. | |
| 650 | 0 | |a Punic antiquities |v Catalogs. | |
| 651 | 0 | |a Tunisia |x Antiquities, Phoenician |v Catalogs. | |
| 710 | 2 | |a British Museum. | |
| 830 | 0 | |a Occasional paper (British Museum) ; |v 98. | |
| 901 | |a reviewed | ||
| 942 | |c BK |2 lcc | ||
| 999 | |c 14965 |d 14965 | ||
